<?xml version="1.0" encoding="UTF-8"?>
<record
    xmlns:xsi="http://www.w3.org/2001/XMLSchema-instance"
    xsi:schemaLocation="http://www.loc.gov/MARC21/slim http://www.loc.gov/standards/marcxml/schema/MARC21slim.xsd"
    xmlns="http://www.loc.gov/MARC21/slim">

  <leader>00983nam a2200241 a 4500</leader>
  <controlfield tag="001">BRCA_5796</controlfield>
  <controlfield tag="005">20190320205222.0</controlfield>
  <controlfield tag="008">100311c1884----mx-######w---o000-0#spa-#</controlfield>
  <datafield tag="041" ind1=" " ind2=" ">
    <subfield code="a">spa</subfield>
  </datafield>
  <datafield tag="044" ind1=" " ind2=" ">
    <subfield code="a">mx</subfield>
  </datafield>
  <datafield tag="050" ind1=" " ind2="4">
    <subfield code="a">AP7131</subfield>
    <subfield code="b">.D53</subfield>
    <subfield code="c">1884</subfield>
  </datafield>
  <datafield tag="245" ind1="1" ind2="0">
    <subfield code="a">Diario Oficial de la Federaci&#xF3;n Mexicana.</subfield>
    <subfield code="c">Secretaria de Hacienda y Cr&#xE9;dito P&#xFA;blico.</subfield>
  </datafield>
  <datafield tag="260" ind1=" " ind2=" ">
    <subfield code="a">M&#xE9;xico</subfield>
    <subfield code="b">Secretar&#xED;a de Hacienda y Cr&#xE9;dito P&#xFA;blico.</subfield>
    <subfield code="c">1884</subfield>
  </datafield>
  <datafield tag="300" ind1=" " ind2=" ">
    <subfield code="a">10v.</subfield>
    <subfield code="c">27 cm.</subfield>
  </datafield>
  <datafield tag="440" ind1=" " ind2="0">
    <subfield code="a">Diario Oficial de la Federaci&#xF3;n</subfield>
    <subfield code="9">14693</subfield>
  </datafield>
  <datafield tag="500" ind1=" " ind2=" ">
    <subfield code="a">H83</subfield>
  </datafield>
  <datafield tag="500" ind1=" " ind2=" ">
    <subfield code="a">Tomo CLXV N&#xFA;m. 11 1884, Tomo CLXXXVII N&#xFA;m. 21 1884, Tomo CLXXV N&#xFA;m. 23 1884,Tomo CLXV N&#xFA;m. 354 1884, Tomo CLXV N&#xFA;m. 37 1884,  Tomo CLXX N&#xFA;m. 39 1884, Tomo CLXXXIII N&#xFA;m. 50 1884 (3 vol&#xFA;menes)</subfield>
  </datafield>
  <datafield tag="650" ind1="1" ind2="4">
    <subfield code="a">Diario Oficial de la Federaci&#xF3;n</subfield>
    <subfield code="9">14693</subfield>
  </datafield>
  <datafield tag="650" ind1="1" ind2="4">
    <subfield code="a">Pol&#xED;tica</subfield>
    <subfield code="v">Publicaci&#xF3;n peri&#xF3;dica</subfield>
    <subfield code="z">M&#xE9;xico</subfield>
    <subfield code="9">14694</subfield>
  </datafield>
  <datafield tag="710" ind1="2" ind2=" ">
    <subfield code="a">Secretaria de Hacienda y Cr&#xE9;dito P&#xFA;blico.</subfield>
    <subfield code="b">Gobierno Federal.</subfield>
    <subfield code="9">14695</subfield>
  </datafield>
  <datafield tag="902" ind1=" " ind2=" ">
    <subfield code="a">GFM</subfield>
  </datafield>
  <datafield tag="942" ind1=" " ind2=" ">
    <subfield code="2">lcc</subfield>
    <subfield code="c">B</subfield>
  </datafield>
  <datafield tag="999" ind1=" " ind2=" ">
    <subfield code="c">5485</subfield>
    <subfield code="d">5485</subfield>
  </datafield>
  <datafield tag="952" ind1=" " ind2=" ">
    <subfield code="0">0</subfield>
    <subfield code="1">0</subfield>
    <subfield code="4">0</subfield>
    <subfield code="7">0</subfield>
    <subfield code="a">BRCA</subfield>
    <subfield code="b">BRCA</subfield>
    <subfield code="d">2011-03-10</subfield>
    <subfield code="i">H83</subfield>
    <subfield code="l">0</subfield>
    <subfield code="o">AP7131 .D53 1884 (H83)</subfield>
    <subfield code="p">6235</subfield>
    <subfield code="r">2019-03-22 00:00:00</subfield>
    <subfield code="w">2019-03-22</subfield>
    <subfield code="y">B</subfield>
  </datafield>
</record>
